| 000 | 00672nam a2200229 a 4500 | ||
|---|---|---|---|
| 005 | 20240913064038.0 | ||
| 008 | 170911s2006 es r 000 0 spa d | ||
| 020 | _a8430729151 | ||
| 035 | _aUPN01000220366 | ||
| 049 | _aI | ||
| 050 | 4 |
_aPZ78 _bL3.5 |
|
| 100 | 1 |
_aLarreula, Enric, _d1941- _934082 |
|
| 245 | 1 | 3 |
_aLa escuela pequeña / _cEnric Larreula ; il. Montse Tobella. |
| 260 |
_aBarcelona, Esp. : _bTeide, _c[2006]. |
||
| 300 |
_a23 p. : _bil. col. |
||
| 440 | 0 |
_aPan con chocolate ; _v6 |
|
| 650 | 4 |
_aCuentos infantiles españoles _97725 |
|
| 650 | 2 |
_aEscuelas _vLiteratura infantil _922046 |
|
| 905 | _aInfantil | ||
| 999 |
_c192465 _d192465 |
||